[Event "POL-chT3 Kujawsko-Pomorskie 2223"]
[Site "Poland"]
[Date "2023.??.??"]
[Round "5.6"]
[White "Olszewski, Marek"]
[Black "Straszewski, Tomasz"]
[Result "1-0"]
[WhiteElo "1957"]
[BlackElo "1713"]
[PlyCount "65"]
[EventDate "2022.11.13"]
[EventType "team-swiss"]
[EventRounds "7"]
[EventCountry "POL"]
[SourceTitle "EXT 2024"]
[Source "ChessBase"]
[SourceDate "2023.10.10"]
[SourceVersion "1"]
[SourceVersionDate "2023.10.10"]
[SourceQuality "1"]

1. e4 c5 2. Nf3 Nc6 3. Bb5 Qb6 4. Nc3 Nd4 5. Bc4 e6 6. 0-0 a6 7. d3 Qc7 8. Nxd4 cxd4 9. Ne2 Nf6 10. Bb3 Bc5 11. Bf4 d6 12. Ng3 h5 13. h3 h4 14. Ne2 Bd7 15. c3 dxc3 16. bxc3 Ba7 17. Qd2 0-0-0 18. Be3 Bxe3 19. Qxe3 Bc6 20. Rab1 Rdg8 21. f3 g5 22. Rb2 Kd8 23. Rfb1 Bd7 24. Bc2 Bc8 25. Kh2 e5 26. Bb3 Nh5 27. Bd5 b5 28. c4 Bxh3 29. cxb5 Bxg2 30. Kxg2 Nf4+ 31. Kh1 Qc8 32. Ng1 g4 33. bxa6 1-0

[Event "Polanica Zdroj op-D 58th"]
[Site "Polanica Zdroj"]
[Date "2022.08.18"]
[Round "6"]
[White "Misiek, Stanislaw"]
[Black "Straszewski, Tomasz"]
[Result "0-1"]
[WhiteElo "1427"]
[BlackElo "1716"]
[PlyCount "92"]
[EventDate "2022.08.13"]
[EventType "swiss"]
[EventRounds "9"]
[EventCountry "POL"]
[SourceTitle "CBM 210 Extra"]
[Source "ChessBase"]
[SourceDate "2022.11.30"]
[SourceVersion "1"]
[SourceVersionDate "2022.11.30"]
[SourceQuality "1"]

1. d4 Nf6 2. c4 g6 3. f3 Bg7 4. e4 d6 5. Nc3 c6 6. Be3 a6 7. Nge2 b5 8. Nc1 Nbd7 9. Qd2 Rb8 10. Be2 0-0 11. 0-0 e5 12. dxe5 Nxe5 13. Rd1 Ne8 14. c5 b4 15. Nb1 f5 16. f4 Ng4 17. Bxg4 fxg4 18. cxd6 Nf6 19. e5 Nd5 20. Nd3 Bf5 21. g3 g5 22. Rc1 Kh8 23. Nf2 Qd7 24. a3 Nxe3 25. Qxe3 gxf4 26. gxf4 Bh6 27. axb4 Bxb1 28. Rcxb1 Bxf4 29. Qd4 Qg7 30. Nd3 Bg5 31. Rxa6 Rf3 32. Re1 g3 33. h4 Bxh4 34. Qxh4 Rxd3 35. Rxc6 Rf8 36. Rc7 Qg6 37. Qe7 Rdf3 38. Qh4 g2 39. Qxh7+ Qxh7 40. Rxh7+ Kxh7 41. Kxg2 R3f5 42. Re3 Rg8+ 43. Kh2 Rh5+ 44. Rh3 Kg6 45. Rxh5 Kxh5 46. e6 Kg6 0-1

[Event "Polanica Zdroj op-D 58th"]
[Site "Polanica Zdroj"]
[Date "2022.08.17"]
[Round "5"]
[White "Straszewski, Tomasz"]
[Black "Galuszka, Kamil"]
[Result "1/2-1/2"]
[WhiteElo "1716"]
[BlackElo "1976"]
[PlyCount "96"]
[EventDate "2022.08.13"]
[EventType "swiss"]
[EventRounds "9"]
[EventCountry "POL"]
[SourceTitle "CBM 210 Extra"]
[Source "ChessBase"]
[SourceDate "2022.11.30"]
[SourceVersion "1"]
[SourceVersionDate "2022.11.30"]
[SourceQuality "1"]

1. d4 e6 2. c4 Nf6 3. g3 d5 4. Bg2 c6 5. Nc3 Bb4 6. Qd3 0-0 7. Nf3 b5 8. cxb5 cxb5 9. 0-0 a5 10. Nxb5 Ba6 11. a4 Qb6 12. Ne5 Nc6 13. Bg5 Nxe5 14. dxe5 Nd7 15. Be3 Bc5 16. Bf4 Rab8 17. e4 d4 18. Rfc1 Bxb5 19. axb5 Qxb5 20. Qxb5 Rxb5 21. Rc2 Bb6 22. Rb1 Rd8 23. Rd1 Rc5 24. Rcd2 Rc4 25. Bf1 Rb4 26. Rc2 Nc5 27. Bd2 d3 28. Rxc5 Bxc5 29. Bxb4 axb4 30. Rxd3 Rd4 31. Rxd4 Bxd4 32. b3 Bxe5 33. f4 Bd4+ 34. Kg2 g6 35. Kf3 Kg7 36. Bc4 e5 37. h3 f6 38. f5 Bc3 39. g4 Kh6 40. Bg8 Be1 41. Ke2 Bg3 42. Kd3 Kg7 43. Be6 h5 44. fxg6 Kxg6 45. gxh5+ Kxh5 46. Bg4+ Kg5 47. Bc8 Kf4 48. Bf5 Bh4 1/2-1/2

[Event "Polanica Zdroj op-D 58th"]
[Site "Polanica Zdroj"]
[Date "2022.08.14"]
[Round "2"]
[White "Wilgosz, Szczepan"]
[Black "Straszewski, Tomasz"]
[Result "0-1"]
[WhiteElo "1530"]
[BlackElo "1716"]
[PlyCount "120"]
[EventDate "2022.08.13"]
[EventType "swiss"]
[EventRounds "9"]
[EventCountry "POL"]
[SourceTitle "CBM 210 Extra"]
[Source "ChessBase"]
[SourceDate "2022.11.30"]
[SourceVersion "1"]
[SourceVersionDate "2022.11.30"]
[SourceQuality "1"]

1. e4 e5 2. Nf3 Nc6 3. Bb5 f5 4. d3 Nf6 5. 0-0 Bc5 6. exf5 0-0 7. Nc3 d6 8. Ne4 Bb6 9. Bxc6 bxc6 10. Ng3 Nd5 11. Bg5 Qe8 12. d4 Bxf5 13. Re1 Bg4 14. Re4 Bxf3 15. gxf3 Qg6 16. Be3 Nxe3 17. fxe3 exd4 18. exd4 d5 19. Re5 Qf6 20. Kg2 Rae8 21. Qe2 Rxe5 22. dxe5 Qe6 23. Rf1 Rf4 24. Kh1 Bd4 25. c3 Bc5 26. Re1 g6 27. Qg2 Be7 28. Re3 Bg5 29. Ne2 Rg4 30. Qxg4 Qxg4 31. fxg4 Bxe3 32. Nd4 Bxd4 33. cxd4 c5 34. dxc5 Kf7 35. Kg2 Ke6 36. Kf3 Kxe5 37. Ke3 a5 38. b3 d4+ 39. Kd3 Kd5 40. c6 g5 41. a3 Kc5 42. b4+ axb4 43. axb4+ Kxb4 44. Kxd4 Kb5 45. Kd5 Kb6 46. Ke5 Kxc6 47. Kf6 Kd5 48. Kxg5 c5 49. Kh6 c4 50. Kxh7 c3 51. g5 c2 52. g6 c1Q 53. g7 Qc2+ 54. Kg8 Qxh2 55. Kf7 Qf4+ 56. Kg6 Qg4+ 57. Kf7 Qe6+ 58. Kf8 Kd6 59. g8N Qg6 60. Ne7 Qf6+ 0-1

[Event "Rubinstein Memorial op-D 57th"]
[Site "Polanica Zdroj"]
[Date "2021.08.16"]
[Round "3"]
[White "Straszewski, Tomasz"]
[Black "Podgorski, Maciej"]
[Result "0-1"]
[WhiteElo "1757"]
[BlackElo "1981"]
[PlyCount "85"]
[EventDate "2021.08.14"]
[EventType "swiss"]
[EventRounds "9"]
[EventCountry "POL"]
[SourceTitle "CBM 204 Extra"]
[Source "ChessBase"]
[SourceDate "2021.11.30"]
[SourceVersion "1"]
[SourceVersionDate "2021.11.30"]
[SourceQuality "1"]

1. e4 e5 2. Nf3 Nc6 3. Bc4 Nf6 4. Ng5 d5 5. exd5 Na5 6. Bb5+ c6 7. dxc6 bxc6 8. Bd3 Nd5 9. h4 Bc5 10. Nc3 f5 11. Nxd5 Qxd5 12. Kf1 e4 13. Be2 0-0 14. c3 Bb6 15. b4 Nc4 16. d3 Rd8 17. Bf4 Nb2 18. Qb3 Nxd3 19. c4 Qd4 20. c5+ Rd5 21. Bxd3 Qxa1+ 22. Bb1 Qd4 23. Bc2 Bd8 24. g3 h6 25. Nh3 Ba6+ 26. Kg2 Bc4 27. Qa3 Bf6 28. Ba4 Rc8 29. Rc1 Kh7 30. Be3 Qd3 31. Qxd3 Bxd3 32. Bb3 Re5 33. Nf4 Rb8 34. Nxd3 exd3 35. Rd1 Rxb4 36. Rxd3 Be7 37. Bd4 Re4 38. Be3 Rb5 39. Rc3 a5 40. Bc2 Re5 41. Ba4 Rb2 42. Bxc6 Rxa2 43. Bf3 0-1

[Event "Rubinstein Memorial op-D 57th"]
[Site "Polanica Zdroj"]
[Date "2021.08.15"]
[Round "2"]
[White "Straszewski, Tomasz"]
[Black "Walaszczyk, Aleksander"]
[Result "1-0"]
[WhiteElo "1757"]
[BlackElo "1392"]
[PlyCount "49"]
[EventDate "2021.08.14"]
[EventType "swiss"]
[EventRounds "9"]
[EventCountry "POL"]
[SourceTitle "CBM 204 Extra"]
[Source "ChessBase"]
[SourceDate "2021.11.30"]
[SourceVersion "1"]
[SourceVersionDate "2021.11.30"]
[SourceQuality "1"]

1. d4 Nf6 2. c4 g6 3. Nc3 d5 4. Bg5 Ne4 5. Bh4 Nxc3 6. bxc3 Bg7 7. e3 0-0 8. Nf3 c5 9. cxd5 Qa5 10. Qd2 cxd4 11. cxd4 Qxd5 12. Bxe7 Re8 13. Bh4 Bh3 14. Rc1 b5 15. Rc5 Qe4 16. Bd3 Qb7 17. Rxb5 Qd7 18. gxh3 Nc6 19. 0-0 Qxh3 20. Bg3 h5 21. Rc1 Ne7 22. Bf1 Qg4 23. Qd1 Nf5 24. h3 Qe4 25. Bd3 1-0

[Event "Rubinstein Memorial op-D 57th"]
[Site "Polanica Zdroj"]
[Date "2021.08.14"]
[Round "1"]
[White "Janikowska, Wiktoria"]
[Black "Straszewski, Tomasz"]
[Result "0-1"]
[WhiteElo "1430"]
[BlackElo "1757"]
[PlyCount "102"]
[EventDate "2021.08.14"]
[EventType "swiss"]
[EventRounds "9"]
[EventCountry "POL"]
[SourceTitle "CBM 204 Extra"]
[Source "ChessBase"]
[SourceDate "2021.11.30"]
[SourceVersion "1"]
[SourceVersionDate "2021.11.30"]
[SourceQuality "1"]

1. Nf3 Nf6 2. d4 g6 3. g3 Bg7 4. Bg2 0-0 5. 0-0 d6 6. c4 c6 7. Nc3 Nbd7 8. e4 e5 9. d5 Qe7 10. b3 Nc5 11. Re1 a5 12. Ba3 Ne8 13. dxc6 bxc6 14. Bxc5 dxc5 15. Na4 Bg4 16. h3 Bxf3 17. Qxf3 Nc7 18. Qe3 Ne6 19. Rac1 Rfd8 20. Kh2 Rd4 21. Red1 Qf8 22. Qc3 Bh6 23. Rb1 Qd6 24. Rxd4 cxd4 25. Qd3 Rf8 26. Rd1 f5 27. exf5 gxf5 28. c5 Nxc5 29. Qc4+ Ne6 30. Qxc6 Qxc6 31. Bxc6 Rd8 32. Bb5 Kf7 33. Bc4 Kf6 34. Nb6 Nc7 35. Kg2 Ke7 36. f3 Kf6 37. Kf2 e4 38. f4 Bf8 39. Na4 Ba3 40. Nb6 h5 41. Ke2 Bc5 42. Na4 Ba7 43. Kf1 Nd5 44. Bxd5 Rxd5 45. Rc1 d3 46. Rc6+ Ke7 47. Nc3 Rc5 48. Rxc5 Bxc5 49. Nb1 e3 50. a3 Kd6 51. Ke1 Bd4 0-1

[Event "Baltic Pearl op 15th"]
[Site "Lazy"]
[Date "2019.06.25"]
[Round "3"]
[White "Straszewski, Tomasz"]
[Black "Jaroch, Karol"]
[Result "0-1"]
[WhiteElo "1674"]
[BlackElo "2242"]
[PlyCount "58"]
[EventDate "2019.06.23"]
[EventType "swiss"]
[EventRounds "9"]
[EventCountry "POL"]
[SourceTitle "CBM 191 Extra"]
[Source "ChessBase"]
[SourceDate "2019.09.30"]
[SourceVersion "1"]
[SourceVersionDate "2019.09.30"]
[SourceQuality "1"]

1. e4 g6 2. d4 Bg7 3. c4 d6 4. Nc3 Nd7 5. Nf3 e5 6. d5 Ne7 7. h3 f5 8. Bd3 0-0 9. b4 a5 10. bxa5 Nc5 11. Bc2 Rxa5 12. Nd2 fxe4 13. Ndxe4 Nf5 14. Bg5 Qe8 15. 0-0 Nd4 16. Be3 Bf5 17. f3 Ra3 18. Bxd4 exd4 19. Nb5 Re3 20. Nxc5 Bxc2 21. Qxc2 dxc5 22. Nxc7 Qe5 23. Ne6 d3 24. Qd2 Re2 25. Qxd3 Qb2 26. Qxe2 Qxe2 27. Rae1 Qxc4 28. Nxf8 Kxf8 29. Rd1 Bd4+ 0-1

[Event "Bydgoszcz U18"]
[Site "Bydgoszcz"]
[Date "2018.02.13"]
[Round "3.3"]
[White "Andrzejewska, Maja"]
[Black "Straszewski, Tomasz"]
[Result "0-1"]
[WhiteElo "1297"]
[BlackElo "1631"]
[PlyCount "81"]
[EventDate "2018.02.12"]
[EventType "swiss"]
[EventRounds "9"]
[EventCountry "POL"]
[SourceTitle "EXT 2023"]
[Source "ChessBase"]
[SourceDate "2022.10.05"]
[SourceVersion "1"]
[SourceVersionDate "2022.10.05"]
[SourceQuality "1"]

1. e4 d5 2. exd5 Qxd5 3. Nf3 Nf6 4. Nc3 Qa5 5. Bc4 Bg4 6. h3 Bh5 7. d3 c6 8. a3 e6 9. Bf4 Be7 10. g4 Nxg4 11. hxg4 Bxg4 12. Rg1 Qf5 13. Nd4 Qxf4 14. Qxg4 Qxg4 15. Rxg4 Bf6 16. Bxe6 Bxd4 17. Bxf7+ Kxf7 18. Rxd4 Re8+ 19. Ne4 Na6 20. 0-0-0 Rad8 21. Rxd8 Rxd8 22. b4 b6 23. c4 h6 24. Kd2 Nc7 25. a4 Ne6 26. a5 Nf4 27. Ke3 g5 28. axb6 axb6 29. f3 b5 30. cxb5 cxb5 31. Nc5 Nd5+ 32. Kd2 Nxb4 33. Rb1 Rd5 34. Rxb4 Rxc5 35. Ke3 Ke6 36. f4 g4 37. Kf2 Kf5 38. Kg3 h5 39. Kh4 Ke6 40. Kg3 Kd6 41. Re4 0-1

[Event "Lazy op 13th"]
[Site "Lazy"]
[Date "2017.06.30"]
[Round "6"]
[White "Zerafa, Patrick"]
[Black "Straszewski, Tomasz"]
[Result "1/2-1/2"]
[WhiteElo "2046"]
[BlackElo "1619"]
[PlyCount "74"]
[EventDate "2017.06.25"]
[EventType "swiss"]
[EventRounds "9"]
[EventCountry "POL"]
[SourceTitle "EXT 2018"]
[Source "ChessBase"]
[SourceDate "2017.10.13"]
[SourceVersion "1"]
[SourceVersionDate "2017.10.13"]
[SourceQuality "1"]

1. d4 Nf6 2. c4 e6 3. Nf3 d5 4. e3 Be7 5. Nc3 0-0 6. Bd3 Nbd7 7. 0-0 b6 8. b3 Bb7 9. Bb2 c5 10. Qe2 Rc8 11. Rac1 Nb8 12. Rfd1 Nc6 13. Bb1 Ba6 14. Nb5 cxd4 15. exd4 dxc4 16. bxc4 Bxb5 17. cxb5 Nb4 18. Ne5 Nd7 19. Nc6 Nxc6 20. bxc6 Nf6 21. Bd3 Qd6 22. Bb5 Nd5 23. g3 Bf6 24. Rd3 Be7 25. Qe5 Qxe5 26. dxe5 Bc5 27. Ba3 Bxa3 28. Rxa3 a5 29. Rb3 Rc7 30. a3 Ra8 31. Rc4 Kf8 32. Kg2 Ke8 33. Rh4 h6 34. Rg4 g6 35. Rh4 h5 36. Rc4 Ne7 37. Rf3 Rd8 1/2-1/2

[Event "Lazy op 13th"]
[Site "Lazy"]
[Date "2017.06.26"]
[Round "2"]
[White "Bialek, Alicja"]
[Black "Straszewski, Tomasz"]
[Result "0-1"]
[WhiteElo "1306"]
[BlackElo "1619"]
[PlyCount "54"]
[EventDate "2017.06.25"]
[EventType "swiss"]
[EventRounds "9"]
[EventCountry "POL"]
[SourceTitle "EXT 2018"]
[Source "ChessBase"]
[SourceDate "2017.10.13"]
[SourceVersion "1"]
[SourceVersionDate "2017.10.13"]
[SourceQuality "1"]

1. e4 e5 2. Nf3 Nc6 3. Nc3 Nf6 4. d4 exd4 5. Nxd4 Bb4 6. Nxc6 bxc6 7. Bd3 0-0 8. 0-0 d5 9. exd5 cxd5 10. h3 c5 11. Bg5 Be6 12. Bxf6 Qxf6 13. Nxd5 Bxd5 14. Qh5 g6 15. Qxd5 Qxb2 16. Qb3 Qf6 17. a3 Bc3 18. Rab1 Bd4 19. Qa4 Qh4 20. Qc4 Qf6 21. Qa6 Qf4 22. Rb7 Rae8 23. g3 Qxg3+ 24. Kh1 Qxh3+ 25. Kg1 Qg3+ 26. Kh1 Bxf2 27. Be2 Qh3# 0-1

[Event "POL-chT4 Kujawsko-Pomorskie 1617"]
[Site "Poland"]
[Date "2016.11.20"]
[Round "2"]
[White "Straszewski, Tomasz"]
[Black "Wolanski, Michal"]
[Result "1/2-1/2"]
[WhiteElo "1517"]
[BlackElo "1954"]
[PlyCount "80"]
[EventDate "2016.11.06"]
[EventType "team-tourn"]
[EventRounds "11"]
[EventCountry "POL"]
[SourceTitle "EXT 2019"]
[Source "ChessBase"]
[SourceDate "2018.10.10"]
[SourceVersion "1"]
[SourceVersionDate "2018.10.10"]
[SourceQuality "1"]

1. d4 Nf6 2. Bg5 d5 3. e3 Nbd7 4. c4 g6 5. Nc3 dxc4 6. Bxc4 Bg7 7. Nge2 0-0 8. 0-0 c5 9. Rc1 cxd4 10. Nxd4 Ne5 11. Be2 Qb6 12. Qb3 Qxb3 13. Nxb3 Nc6 14. Nd2 Bf5 15. Bxf6 Bxf6 16. g4 Be6 17. Nde4 Bxc3 18. Nxc3 Rfd8 19. Rfd1 Ne5 20. h3 Rac8 21. f4 Nc4 22. Bxc4 Bxc4 23. b3 Rxd1+ 24. Nxd1 Be6 25. Rxc8+ Bxc8 26. Nc3 f6 27. Kf2 g5 28. Kf3 Bd7 29. fxg5 fxg5 30. Kg3 Kf7 31. h4 h6 32. hxg5 hxg5 33. b4 Bc6 34. Kf2 b6 35. a3 Ke6 36. Kg3 a5 37. Kf2 Ke5 38. Kg3 Bd7 39. Kh3 Be6 40. Kg3 Bc4 1/2-1/2

[Event "POL-chT3 Kujawsko Pomorskie 1516"]
[Site "Poland"]
[Date "2016.04.03"]
[Round "9"]
[White "Gryniakow, Jaroslaw"]
[Black "Straszewski, Tomasz"]
[Result "1-0"]
[WhiteElo "2157"]
[BlackElo "1349"]
[PlyCount "41"]
[EventDate "2015.11.08"]
[EventType "team-tourn"]
[EventRounds "9"]
[EventCountry "POL"]
[SourceTitle "EXT 2019"]
[Source "ChessBase"]
[SourceDate "2018.10.10"]
[SourceVersion "1"]
[SourceVersionDate "2018.10.10"]
[SourceQuality "1"]

1. d4 d5 2. c4 e6 3. Nc3 c5 4. cxd5 exd5 5. Nf3 Nf6 6. g3 Nc6 7. Bg2 Be7 8. 0-0 0-0 9. Bg5 c4 10. Ne5 Be6 11. Nxc6 bxc6 12. b3 Qa5 13. Qc2 h6 14. Bf4 Rad8 15. Rfd1 Qb4 16. Rab1 Nh5 17. Be5 f6 18. bxc4 Qxc4 19. Bc7 Rd7 20. e4 Rxc7 21. Bf1 1-0

[Event "POL-chT3 Kujawsko Pomorskie 1516"]
[Site "Poland"]
[Date "2016.02.28"]
[Round "7"]
[White "Szybowicz, Piotr"]
[Black "Straszewski, Tomasz"]
[Result "1-0"]
[WhiteElo "1903"]
[BlackElo "1349"]
[PlyCount "63"]
[EventDate "2015.11.08"]
[EventType "team-tourn"]
[EventRounds "9"]
[EventCountry "POL"]
[SourceTitle "EXT 2019"]
[Source "ChessBase"]
[SourceDate "2018.10.10"]
[SourceVersion "1"]
[SourceVersionDate "2018.10.10"]
[SourceQuality "1"]

1. d4 Nf6 2. Bg5 Ne4 3. Bh4 c5 4. d5 g6 5. f3 Nd6 6. e4 Bg7 7. Nc3 0-0 8. Bg3 Bxc3+ 9. bxc3 Ne8 10. Bd3 d6 11. Ne2 f5 12. 0-0 fxe4 13. fxe4 Ng7 14. Nf4 Qe8 15. a4 a6 16. a5 Nd7 17. Ne6 Nxe6 18. dxe6 Nf6 19. e5 dxe5 20. Bc4 Qc6 21. Rxf6 Rxf6 22. Qd8+ Rf8 23. Qxe7 b5 24. Bxe5 Qb7 25. Qxf8+ Kxf8 26. Rf1+ Ke8 27. Bd6 Qg7 28. Rf7 Qg8 29. Bd5 g5 30. Bc6+ Bd7 31. Re7+ Kd8 32. Rxd7+ 1-0

[Event "POL-chT3 Kujawsko Pomorskie 1516"]
[Site "Poland"]
[Date "2015.11.08"]
[Round "1"]
[White "Straszewski, Tomasz"]
[Black "Jozwicki, Jakub"]
[Result "0-1"]
[WhiteElo "1349"]
[BlackElo "2234"]
[PlyCount "80"]
[EventDate "2015.11.08"]
[EventType "team-tourn"]
[EventRounds "9"]
[EventCountry "POL"]
[SourceTitle "EXT 2019"]
[Source "ChessBase"]
[SourceDate "2018.10.10"]
[SourceVersion "1"]
[SourceVersionDate "2018.10.10"]
[SourceQuality "1"]

1. e4 c5 2. Nf3 Nc6 3. c3 Nf6 4. Bd3 d5 5. e5 c4 6. Bc2 Nd7 7. Qe2 f6 8. e6 Nde5 9. Nxe5 Nxe5 10. f4 Nd3+ 11. Qxd3 Bxe6 12. Qe2 Qd6 13. d4 cxd3 14. Qxd3 Bd7 15. 0-0 0-0-0 16. Be3 a6 17. Qd4 Bb5 18. Re1 e5 19. Bf5+ Kc7 20. fxe5 fxe5 21. Qd2 Qf6 22. Bd3 Bd7 23. Rf1 Qd6 24. Na3 h6 25. b4 Qc6 26. Qb2 b5 27. Nc2 Be7 28. a4 bxa4 29. Rxa4 d4 30. cxd4 Qxa4 31. dxe5 Bc8 32. Nd4 Kb8 33. Rc1 Bb7 34. e6 Bf6 35. Ra1 Bxd4 36. Bxd4 Qc6 37. b5 Qd5 38. Be5+ Ka8 39. bxa6 Bc6 40. a7 Rhe8 0-1

[Event "POL-ch qual U13"]
[Site "Jastrzebia Gora"]
[Date "2013.09.28"]
[Round "9.2"]
[White "Straszewski, Tomasz"]
[Black "Karpus, Michal"]
[Result "0-1"]
[WhiteElo "1389"]
[BlackElo "1843"]
[PlyCount "40"]
[EventDate "2013.09.28"]
[EventType "swiss"]
[EventRounds "9"]
[EventCountry "POL"]
[SourceTitle "EXT 2023"]
[Source "ChessBase"]
[SourceDate "2022.10.05"]
[SourceVersion "1"]
[SourceVersionDate "2022.10.05"]
[SourceQuality "1"]

1. a3 Nf6 2. c4 g6 3. d4 Bg7 4. Nf3 0-0 5. Bf4 d6 6. Nc3 Nc6 7. e4 Nh5 8. Bg3 Bg4 9. Be2 Nxg3 10. fxg3 Bxf3 11. Bxf3 Bxd4 12. Rb1 a5 13. Qb3 Rb8 14. Ne2 Bc5 15. Rd1 e6 16. Nf4 Qf6 17. Nd3 Nd4 18. Qa4 Nxf3+ 19. gxf3 Qxf3 20. Rf1 Qe3# 0-1

[Event "POL-ch qual U13"]
[Site "Jastrzebia Gora"]
[Date "2013.09.28"]
[Round "2.7"]
[White "Straszewski, Tomasz"]
[Black "Witko, Dawid"]
[Result "0-1"]
[WhiteElo "1389"]
[BlackElo "1401"]
[PlyCount "80"]
[EventDate "2013.09.28"]
[EventType "swiss"]
[EventRounds "9"]
[EventCountry "POL"]
[SourceTitle "EXT 2023"]
[Source "ChessBase"]
[SourceDate "2022.10.05"]
[SourceVersion "1"]
[SourceVersionDate "2022.10.05"]
[SourceQuality "1"]

1. d4 Nf6 2. c4 g6 3. Nc3 Bg7 4. Nf3 0-0 5. e4 d6 6. h3 Nbd7 7. Be2 e5 8. dxe5 Nxe5 9. Nxe5 dxe5 10. Qxd8 Rxd8 11. Bg5 h6 12. Bh4 c6 13. 0-0 Be6 14. f4 Rd4 15. Bf2 Rd2 16. fxe5 Nxe4 17. Be3 Rxb2 18. Bc1 Rc2 19. Bd3 Rxc3 20. Bxe4 Rxc4 21. Re1 Bxe5 22. Bxh6 Bxa1 23. Bd3 Rd4 24. Re3 Rh4 25. Bg5 Bd4 26. Bxh4 Bxe3+ 27. Kh2 Bxa2 28. Bf6 Bh6 29. Kg3 Bg7 30. Bg5 f6 31. Bf4 g5 32. Bc7 Re8 33. Bg6 Bf7 34. Bf5 b5 35. Ba5 Bf8 36. Kf3 b4 37. Be4 b3 38. Bc3 Bd5 39. Bxd5+ cxd5 40. Bxf6 Ba3 0-1